| Tag |
First Indicator |
Second Indicator |
Subfields |
| LEADER |
00000cam a2200000 a 4500 |
| 001 |
in00000087822 |
| 005 |
20151008063024.0 |
| 008 |
810219s1981 nyu b 00110deng |
| 010 |
|
|
|a 81001045
|
| 020 |
|
|
|a 0826135005
|
| 020 |
|
|
|a 0826135013 (pbk.)
|
| 035 |
|
|
|a (OCoLC)07282815
|
| 035 |
|
|
|9 AAK1416AM
|
| 039 |
0 |
|
|a 2
|b 3
|c 3
|d 3
|e 3
|
| 040 |
|
|
|a DLC
|c DLC
|d OCL
|d TXA
|d UtOrBLW
|
| 043 |
|
|
|a n-us---
|
| 049 |
|
|
|a TXAM
|c [802408]
|
| 050 |
0 |
0 |
|a BD444
|b G66
|
| 060 |
|
0 |
|a Wl SP685P v. 4
|a BF 789.D4 G653d
|
| 082 |
0 |
|
|a 128/.5
|2 19
|
| 100 |
1 |
|
|a Goodman, Lisl Marburg.
|
| 245 |
1 |
0 |
|a Death and the creative life :
|b conversations with prominent artists and scientists /
|c Lisl Marburg Goodman.
|
| 264 |
|
1 |
|a New York :
|b Springer Pub. Co.,
|c [1981]
|
| 264 |
|
4 |
|c ©1981
|
| 300 |
|
|
|a xix, 172 pages ;
|c 24 cm.
|
| 336 |
|
|
|a text
|b txt
|2 rdacontent
|
| 337 |
|
|
|a unmediated
|b n
|2 rdamedia
|
| 338 |
|
|
|a volume
|b nc
|2 rdacarrier
|
| 490 |
1 |
|
|a The Springer series on death and suicide ;
|v v.4
|
| 500 |
|
|
|a Includes index.
|
| 504 |
|
|
|a Bibliography: pages 165-167.
|
| 650 |
|
0 |
|a Death.
|
| 650 |
|
0 |
|a Life.
|
| 650 |
|
0 |
|a Artists
|z United States
|v Interviews.
|
| 650 |
|
0 |
|a Scientists
|z United States
|x Interviews.
|
| 650 |
|
2 |
|a Achievement.
|
| 650 |
|
2 |
|a Attitude to Death.
|
| 650 |
|
2 |
|a Creativity.
|
| 830 |
|
0 |
|a Springer series on death and suicide ;
|v 4.
|
| 999 |
|
|
|a MARS
|
| 999 |
f |
f |
|s 8c5fd9f9-219a-39b4-bac6-800722261f50
|i 0d5c6435-8aaa-3471-8bde-e8ad78f19595
|t 0
|
| 952 |
f |
f |
|p ric
|a Texas A&M University
|b Rellis Campus
|c Joint Library Facility
|d Remote Storage
|t 0
|e BD444 G66
|h Library of Congress classification
|i unmediated -- volume
|m A14805977348
|
| 998 |
f |
f |
|a BD444 G66
|t 0
|l Remote Storage
|